|
|
|
|
| LEADER |
00000nam2a2200000 4500 |
| 001 |
95893 |
| 005 |
20231031110319.0 |
| 035 |
|
|
|a (RuTPU)RU\TPU\book\102657
|
| 090 |
|
|
|a 95893
|
| 100 |
|
|
|a 20060504d1967 km y0rusy50 ca
|
| 101 |
0 |
|
|a rus
|
| 102 |
|
|
|a RU
|
| 105 |
|
|
|a a g 001zy
|
| 200 |
0 |
|
|a Ч. I
|
| 210 |
|
|
|d 1967
|
| 215 |
|
|
|a 417 с.
|c ил.
|
| 320 |
|
|
|a Библиография в конце глав.
|
| 461 |
|
1 |
|0 (RuTPU)RU\TPU\book\103204
|t Кислород
|o справочник
|f под ред. Д. Л. Глизманенко
|v Ч. 1
|d 1967-
|
| 610 |
1 |
|
|a химическая технология
|
| 610 |
1 |
|
|a кислород
|
| 610 |
1 |
|
|a воздух
|
| 610 |
1 |
|
|a разделение
|
| 610 |
1 |
|
|a аппараты
|
| 610 |
1 |
|
|a теплообменники
|
| 610 |
1 |
|
|a ректификационные колонны
|
| 610 |
1 |
|
|a воздухоразделительные установки
|
| 610 |
1 |
|
|a технологические схемы
|
| 610 |
1 |
|
|a поршневые компрессоры
|
| 610 |
1 |
|
|a поршневые детандеры
|
| 610 |
1 |
|
|a насосы
|
| 610 |
1 |
|
|a турбодетандеры
|
| 610 |
1 |
|
|a справочники
|
| 675 |
|
|
|a 661.9(035)
|v 3
|
| 801 |
|
1 |
|a RU
|b 63413507
|c 20060504
|g PSBO
|
| 801 |
|
2 |
|a RU
|b 63413507
|c 20060514
|g PSBO
|
| 942 |
|
|
|c BK
|